[Event "SVK-chT3B2 2223"]
[Site "Slovakia"]
[Date "2022.11.06"]
[Round "2.5"]
[White "Vastik, Tomas"]
[Black "Kysucky, Tomas"]
[Result "1-0"]
[WhiteElo "1529"]
[BlackElo "1169"]
[PlyCount "55"]
[EventDate "2022.10.23"]
[EventType "team-tourn"]
[EventRounds "11"]
[EventCountry "SVK"]
[SourceTitle "EXT 2024"]
[Source "ChessBase"]
[SourceDate "2023.10.10"]
[SourceVersion "1"]
[SourceVersionDate "2023.10.10"]
[SourceQuality "1"]
[WhiteTeam "Belusa II"]
[BlackTeam "Puchov Vcielka"]
[WhiteTeamCountry "SVK"]
[BlackTeamCountry "SVK"]

1. e4 e5 2. Nf3 Nc6 3. Nc3 Nf6 4. Bc4 Bc5 5. d3 h6 6. 0-0 d6 7. h3 0-0 8. a3 Be6 9. Be3 Bxe3 10. fxe3 a6 11. Bxe6 fxe6 12. d4 Nd7 13. Qe2 Qe7 14. Nd2 exd4 15. exd4 Nxd4 16. Qd3 e5 17. Nd5 Qd8 18. Rxf8+ Qxf8 19. Rf1 Qd8 20. Qc4 Kh7 21. Rf7 Ne6 22. Qf1 Qg5 23. Rxd7 Qxd2 24. Qf5+ Kg8 25. Qxe6+ Kh7 26. Qf5+ Kg8 27. Qf7+ Kh7 28. Qxg7# 1-0

[Event "SVK-chT3B2 2223"]
[Site "Slovakia"]
[Date "2022.10.23"]
[Round "1.6"]
[White "Mejsnar, Miroslav"]
[Black "Vastik, Tomas"]
[Result "1-0"]
[WhiteElo "1866"]
[BlackElo "1529"]
[PlyCount "133"]
[EventDate "2022.10.23"]
[EventType "team-tourn"]
[EventRounds "11"]
[EventCountry "SVK"]
[SourceTitle "EXT 2024"]
[Source "ChessBase"]
[SourceDate "2023.10.10"]
[SourceVersion "1"]
[SourceVersionDate "2023.10.10"]
[SourceQuality "1"]
[WhiteTeam "Povazska Bystrica Sparta II"]
[BlackTeam "Belusa II"]
[WhiteTeamCountry "SVK"]
[BlackTeamCountry "SVK"]

1. Nf3 d5 2. c4 dxc4 3. Qa4+ c6 4. Qxc4 Qd5 5. Qa4 Nf6 6. Nc3 Qd8 7. g3 g6 8. Bg2 Bg7 9. 0-0 0-0 10. d4 Nbd7 11. Bf4 Nb6 12. Qc2 Nbd5 13. Be5 Re8 14. Rad1 Bf5 15. Qb3 Qb6 16. Nd2 Qxb3 17. Nxb3 Bc2 18. Ra1 Bxb3 19. axb3 a6 20. e4 Nb6 21. Rfd1 Nfd7 22. Bxg7 Kxg7 23. Na4 e6 24. Rd3 Nc8 25. Nc5 Nxc5 26. dxc5 Re7 27. Rd8 Nb6 28. Rd2 Nd7 29. b4 Nf8 30. e5 Rd7 31. Rd6 Rad8 32. Rad1 Rxd6 33. exd6 Nd7 34. Re1 a5 35. b5 cxb5 36. c6 bxc6 37. Bxc6 Nb8 38. Bxb5 Rxd6 39. b3 Rb6 40. Ba4 Nc6 41. Rd1 Na7 42. Rd7 Nb5 43. Rd3 Kf8 44. Kg2 Ke7 45. f4 Rb7 46. Kf3 Nd6 47. g4 Rc7 48. g5 Nf5 49. Kg4 Rb7 50. Bc6 Rc7 51. Ba4 Nd6 52. Rh3 h5+ 53. gxh6 f5+ 54. Kg5 Kf7 55. Be8+ Kxe8 56. h7 Nf7+ 57. Kxg6 Ke7 58. h8Q Nxh8+ 59. Rxh8 Rc3 60. Rh7+ Kd6 61. h4 Rxb3 62. Ra7 Rg3+ 63. Kf6 Rh3 64. Ra6+ Kd5 65. Rxa5+ Ke4 66. Ra4+ Kf3 67. Ra3+ 1-0

[Event "Liptovsky Jan op"]
[Site "Liptovsky Jan"]
[Date "2022.06.26"]
[Round "7"]
[White "Ciglian, Michal"]
[Black "Vastik, Tomas"]
[Result "1/2-1/2"]
[WhiteElo "1704"]
[BlackElo "1469"]
[PlyCount "47"]
[EventDate "2022.06.23"]
[EventType "swiss"]
[EventRounds "7"]
[EventCountry "SVK"]
[SourceTitle "CBM 209 Extra"]
[Source "ChessBase"]
[SourceDate "2022.09.30"]
[SourceVersion "1"]
[SourceVersionDate "2022.09.30"]
[SourceQuality "1"]

1. c4 e5 2. Nc3 Nf6 3. g3 c6 4. Bg2 Bc5 5. e3 d6 6. Nge2 a6 7. 0-0 0-0 8. b3 Re8 9. Bb2 Bf5 10. d4 exd4 11. Nxd4 Bxd4 12. Qxd4 Be6 13. e4 c5 14. Qd3 Re7 15. Rad1 Rd7 16. h3 Nc6 17. f4 Re7 18. Nd5 Ne8 19. Kh1 f6 20. f5 h6 21. h4 Kh7 22. g4 Kg8 23. Kg1 Kf8 24. g5 1/2-1/2

[Event "SVK-chT3B2 2122"]
[Site "Slovakia"]
[Date "2022.05.08"]
[Round "10.5"]
[White "Lukac, Jozef1111"]
[Black "Vastik, Tomas"]
[Result "0-1"]
[WhiteElo "1539"]
[BlackElo "1457"]
[PlyCount "70"]
[EventDate "2021.10.24"]
[EventType "team-tourn"]
[EventRounds "11"]
[EventCountry "SVK"]
[SourceTitle "EXT 2024"]
[Source "ChessBase"]
[SourceDate "2023.10.10"]
[SourceVersion "1"]
[SourceVersionDate "2023.10.10"]
[SourceQuality "1"]
[WhiteTeam "Lehota pod Vtacnikom"]
[BlackTeam "Belusa II"]
[WhiteTeamCountry "SVK"]
[BlackTeamCountry "SVK"]

1. e4 e5 2. d4 exd4 3. Qxd4 Nc6 4. Qe3 d6 5. Nf3 h6 6. Nc3 Nf6 7. h3 a6 8. b3 g6 9. Bb2 Bg7 10. 0-0-0 Qe7 11. Bd3 h5 12. Kb1 Be6 13. Qe2 0-0-0 14. Bc4 Bxc4 15. Qxc4 Ne5 16. Nxe5 dxe5 17. f3 c6 18. Nd5 Nxd5 19. exd5 Qc7 20. dxc6 Qxc6 21. Qxf7 Qf6 22. Qc4+ Kb8 23. Qe2 Ka8 24. Rxd8+ Rxd8 25. Rd1 Rc8 26. Rd7 Bh6 27. Qxe5 Qc6 28. Qd4 Qxc2+ 29. Ka1 Qxg2 30. a4 Bc1 31. Ka2 Bxb2 32. Qd2 Qxd2 33. Rxd2 Bc1 34. Rd6 Rc6 35. Rd8+ Ka7 0-1

[Event "EU-ch Schools U15"]
[Site "Tornelo INT"]
[Date "2021.12.10"]
[Round "1"]
[White "Vastik, Tomas"]
[Black "Danilenko, Denis O"]
[Result "0-1"]
[WhiteElo "1310"]
[BlackElo "2011"]
[PlyCount "62"]
[EventDate "2021.12.03"]
[EventType "swiss (rapid)"]
[EventRounds "7"]
[EventCountry "NET"]
[SourceTitle "EXT 2023"]
[Source "ChessBase"]
[SourceDate "2022.10.05"]
[SourceVersion "1"]
[SourceVersionDate "2022.10.05"]
[SourceQuality "1"]

1. e4 c6 2. Nf3 d5 3. exd5 cxd5 4. d4 Nc6 5. Nc3 Nf6 6. Bf4 Bg4 7. h3 Bxf3 8. Qxf3 Nxd4 9. Qd3 Nc6 10. Nb5 Rc8 11. 0-0-0 e6 12. Nc7+ Rxc7 13. Bxc7 Qxc7 14. g3 Bc5 15. f4 Ne4 16. Rh2 Nf2 17. Qc3 Nxd1 18. Qxc5 Nxb2 19. Kxb2 Qb6+ 20. Qxb6 axb6 21. Rd2 Ke7 22. Rd3 Kd6 23. Rb3 Kc7 24. Ra3 Na5 25. Rc3+ Kd6 26. Bb5 f6 27. Ka3 Ra8 28. Kb2 d4 29. Rd3 Kc5 30. Bd7 Nc4+ 31. Kb3 Ra3# 0-1

[Event "EU-ch Schools U15"]
[Site "Tornelo INT"]
[Date "2021.12.04"]
[Round "5"]
[White "Vastik, Tomas"]
[Black "Cox, Lucian"]
[Result "0-1"]
[WhiteElo "1310"]
[BlackElo "1061"]
[PlyCount "114"]
[EventDate "2021.12.03"]
[EventType "swiss (rapid)"]
[EventRounds "7"]
[EventCountry "NET"]
[SourceTitle "EXT 2023"]
[Source "ChessBase"]
[SourceDate "2022.10.05"]
[SourceVersion "1"]
[SourceVersionDate "2022.10.05"]
[SourceQuality "1"]

1. e4 c5 2. Nf3 d6 3. d4 cxd4 4. Nxd4 Nf6 5. Nc3 g6 6. Bb5+ Bd7 7. Qe2 Bg7 8. Bxd7+ Qxd7 9. 0-0 0-0 10. Bg5 Nc6 11. Nf3 Rac8 12. Rad1 Ng4 13. h3 Nge5 14. Bf4 Nxf3+ 15. Qxf3 Nd4 16. Qd3 Ne6 17. Be3 b6 18. Rfe1 Nc5 19. Bxc5 Rxc5 20. Re3 Rfc8 21. Rd2 Bxc3 22. bxc3 Rxc3 23. Qxc3 Rxc3 24. Rxc3 Qa4 25. Rc8+ Kg7 26. Re2 Qxa2 27. Rc7 Qa1+ 28. Kh2 Qe5+ 29. g3 d5 30. Rxa7 dxe4 31. Ra4 e3 32. Rxe3 Qc5 33. Re2 Qb5 34. Rae4 e6 35. Re5 Qc6 36. R5e3 b5 37. Rd3 Qc4 38. Red2 Qc5 39. Re3 b4 40. Rde2 Kf6 41. Rf3+ Ke7 42. Rfe3 h6 43. Rd3 Qb5 44. Red2 h5 45. Kg2 Qc6+ 46. Kf1 Qh1+ 47. Ke2 Qxh3 48. Rd7+ Kf6 49. R2d3 Qg4+ 50. Rf3+ Kg5 51. Rdxf7 Qc4+ 52. Ke3 Qxc2 53. R7f4 Qc1+ 54. Ke4 Qc2+ 55. Ke5 b3 56. Kxe6 b2 57. Re4 Qxe4+ 0-1

[Event "Liptovsky Jan Slovak op U2200"]
[Site "Liptovsky Jan"]
[Date "2021.06.20"]
[Round "6"]
[White "Vastik, Tomas"]
[Black "Strapec, Lukas"]
[Result "1-0"]
[WhiteElo "1222"]
[BlackElo "1705"]
[PlyCount "83"]
[EventDate "2021.06.17"]
[EventType "swiss"]
[EventRounds "7"]
[EventCountry "SVK"]
[SourceTitle "CBM 203 Extra"]
[Source "ChessBase"]
[SourceDate "2021.09.30"]
[SourceVersion "1"]
[SourceVersionDate "2021.09.30"]
[SourceQuality "1"]

1. e4 c5 2. Nf3 e6 3. d4 cxd4 4. Nxd4 Nc6 5. Nc3 Qc7 6. Nxc6 bxc6 7. Be2 Nf6 8. a3 Be7 9. 0-0 0-0 10. Re1 d5 11. exd5 cxd5 12. Bf3 Ba6 13. Be2 Bxe2 14. Qxe2 Rfc8 15. g3 a6 16. Bf4 Bd6 17. Bxd6 Qxd6 18. Rec1 Qc6 19. Qe5 Qc7 20. Qd4 Qc5 21. Ne2 Qxd4 22. Nxd4 Rc4 23. c3 Ne4 24. f3 Nc5 25. Rc2 Rb8 26. b3 Nxb3 27. Rb1 Rbc8 28. Rxb3 e5 29. Nf5 R4c7 30. Rcb2 g6 31. Ne3 d4 32. cxd4 exd4 33. Nd5 Rc1+ 34. Kg2 R1c2+ 35. Rxc2 Rxc2+ 36. Kh3 Rd2 37. Nb4 a5 38. Rd3 Re2 39. Nc6 Re6 40. Nxa5 Re3 41. Rxe3 dxe3 42. Kg2 1-0

[Event "SVK-chT3B2 1819"]
[Site "Slovakia"]
[Date "2019.03.10"]
[Round "9.8"]
[White "Sehnoutek, Miroslav"]
[Black "Vastik, Tomas"]
[Result "0-1"]
[WhiteElo "1000"]
[BlackElo "1242"]
[PlyCount "122"]
[EventDate "2018.10.21"]
[EventType "team-tourn"]
[EventRounds "11"]
[EventCountry "SVK"]
[SourceTitle "CBM 189 Extra"]
[Source "ChessBase"]
[SourceDate "2019.06.03"]
[SourceVersion "1"]
[SourceVersionDate "2019.06.03"]
[SourceQuality "1"]
[WhiteTeam "Belusa"]
[BlackTeam "Povazske Podhradie "]
[WhiteTeamCountry "SVK"]
[BlackTeamCountry "SVK"]

1. e4 e5 2. Nf3 Nc6 3. Bc4 Bc5 4. d3 d6 5. Ng5 Nh6 6. 0-0 0-0 7. h3 Qf6 8. Nc3 Be6 9. Nd5 Bxd5 10. Bxd5 Nd8 11. a3 c6 12. Ba2 Kh8 13. c3 Ne6 14. Bxe6 fxe6 15. Nf3 Ng8 16. b4 Bb6 17. Be3 Bd8 18. d4 exd4 19. cxd4 Ne7 20. e5 dxe5 21. Nxe5 Nd5 22. Nd7 Nxe3 23. fxe3 Qxf1+ 24. Qxf1 Rxf1+ 25. Rxf1 Be7 26. Nc5 Bxc5 27. dxc5 Kg8 28. Rd1 Rf8 29. Rf1 Rd8 30. Kf2 Rd2+ 31. Kf3 Ra2 32. Rb1 Rxa3 33. b5 Ra5 34. bxc6 bxc6 35. Rb8+ Kf7 36. Rb7+ Kf6 37. Rc7 Rxc5 38. Rxa7 Rc2 39. g4 c5 40. g5+ Kg6 41. Ra6 Kf5 42. h4 h6 43. Ra7 hxg5 44. hxg5 Kxg5 45. Rxg7+ Kf5 46. Rc7 c4 47. Rc5+ Kf6 48. e4 c3 49. Ke3 Rc1 50. Kd3 Kg6 51. Rxc3 Rxc3+ 52. Kxc3 Kg5 53. Kd4 Kf4 54. e5 Kf5 55. Ke3 Kxe5 56. Kd3 Kf4 57. Ke2 Ke4 58. Kd2 Kf3 59. Ke1 e5 60. Kf1 e4 61. Ke1 Ke3 0-1